[Event "Barcelona Sants op 20th"]
[Site "Barcelona"]
[Date "2018.08.18"]
[Round "2"]
[White "Gledura, Benjamin"]
[Black "Flick, Antoine"]
[Result "1-0"]
[WhiteElo "2626"]
[BlackElo "2288"]
[PlyCount "97"]
[EventDate "2018.08.17"]
[EventType "swiss"]
[EventRounds "10"]
[EventCountry "ESP"]
[SourceTitle "CBM 186 Extra"]
[Source "ChessBase"]
[SourceDate "2018.08.24"]
[SourceVersion "1"]
[SourceVersionDate "2018.08.24"]
[SourceQuality "1"]

1. e4 c5 2. Nf3 Nc6 3. d4 cxd4 4. Nxd4 e5 5. Nb5 d6 6. N1c3 a6 7. Na3 Be7 8. Nc4 b5 9. Ne3 Nf6 10. g3 0-0 11. Bg2 b4 12. Ncd5 Nxd5 13. exd5 Nd4 14. a3 bxa3 15. Rxa3 f5 16. c3 Nb5 17. Ra4 f4 18. Nc4 Bf5 19. 0-0 Bg5 20. Nd2 Bd3 21. Ne4 Bxf1 22. Bxf1 Be7 23. Qg4 Qe8 24. gxf4 exf4 25. Bxf4 Kh8 26. Bg3 Nc7 27. Nxd6 Bxd6 28. Bxd6 Rf6 29. Bxc7 Rg6 30. Bg3 Rxg4 31. Rxg4 Qd7 32. Rd4 a5 33. d6 Re8 34. Rd1 h5 35. f3 g5 36. Rd5 h4 37. Bb5 Qf7 38. d7 Rd8 39. Be5+ Kh7 40. Bd3+ Kh6 41. Rd6+ Kh5 42. Rf6 Qxf6 43. Bxf6 Rxd7 44. Bf1 Rd2 45. c4 a4 46. h3 Kh6 47. c5 Rc2 48. Bd4 Rd2 49. c6 1-0

[Event "Pardubice Czech op-A 29th"]
[Site "Pardubice"]
[Date "2018.07.27"]
[Round "8"]
[White "Flick, Antoine"]
[Black "Suleymanli, Aydin Elshan"]
[Result "1-0"]
[WhiteElo "2348"]
[BlackElo "2266"]
[PlyCount "79"]
[EventDate "2018.07.20"]
[EventType "swiss"]
[EventRounds "9"]
[EventCountry "CZE"]
[SourceTitle "CBM 185 Extra"]
[Source "ChessBase"]
[SourceDate "2018.07.29"]
[SourceVersion "1"]
[SourceVersionDate "2018.07.29"]
[SourceQuality "1"]

1. d4 Nf6 2. c4 c5 3. d5 e6 4. Nc3 exd5 5. cxd5 d6 6. e4 g6 7. h3 Bg7 8. Nf3 0-0 9. Bd3 b5 10. Nxb5 Nxe4 11. Bxe4 Qa5+ 12. Nc3 Ba6 13. Qc2 Re8 14. Kd1 Nd7 15. Bd2 f5 16. Bd3 c4 17. Be2 Nc5 18. Re1 Rab8 19. Rb1 Qb4 20. Bf1 Rxe1+ 21. Nxe1 Nb3 22. Nd3 Qb6 23. axb3 cxd3 24. Bxd3 Bxd3 25. Qxd3 Qxf2 26. Kc2 Qxg2 27. Qe3 Be5 28. Rg1 Qh2 29. Rf1 Rc8 30. Qf3 Bd4 31. Rh1 Qf2 32. Qxf2 Bxf2 33. Bf4 Bc5 34. Re1 Kf7 35. Re6 Re8 36. Rxe8 Kxe8 37. Nb5 Ke7 38. b4 Bxb4 39. Nxa7 Kf6 40. Nc6 1-0

[Event "Pardubice Czech op-A 29th"]
[Site "Pardubice"]
[Date "2018.07.23"]
[Round "4"]
[White "Flick, Antoine"]
[Black "Semjonovs, Ilja"]
[Result "1/2-1/2"]
[WhiteElo "2348"]
[BlackElo "2219"]
[PlyCount "183"]
[EventDate "2018.07.20"]
[EventType "swiss"]
[EventRounds "9"]
[EventCountry "CZE"]
[SourceTitle "CBM 185 Extra"]
[Source "ChessBase"]
[SourceDate "2018.07.29"]
[SourceVersion "1"]
[SourceVersionDate "2018.07.29"]
[SourceQuality "1"]

1. d4 Nf6 2. Nf3 c5 3. d5 e6 4. c4 b5 5. e4 Nxe4 6. Bd3 Nf6 7. 0-0 d6 8. dxe6 Bxe6 9. Re1 Be7 10. Ng5 Bxc4 11. Bc2 h6 12. b3 Bd5 13. Nc3 Bc6 14. Nge4 0-0 15. Nxf6+ Bxf6 16. Qd3 g6 17. Bxh6 Bg7 18. Bxg7 Kxg7 19. Rad1 b4 20. Ne4 Bxe4 21. Qxe4 Na6 22. Qc6 Qb6 23. Rxd6 Rfd8 24. Qxb6 axb6 25. Rxb6 Rd2 26. Be4 Re8 27. Kf1 Rxa2 28. Bd3 Rxe1+ 29. Kxe1 Nc7 30. Bc4 Ne8 31. Rc6 Ra5 32. Ke2 Kf8 33. Rb6 Ra7 34. h4 Ke7 35. Rb5 Rc7 36. Ra5 Nd6 37. Kd3 Nf5 38. g3 Rd7+ 39. Ke2 Rc7 40. Kd3 Rd7+ 41. Ke2 Rc7 42. Ra6 Nd6 43. Bd3 c4 44. bxc4 Nxc4 45. Ra4 Nb2 46. Rxb4 Nxd3 47. Kxd3 Kf6 48. Rb6+ Kg7 49. Ke4 Rc4+ 50. Kf3 Ra4 51. Kg2 Rc4 52. Ra6 Rb4 53. Kh3 Rc4 54. g4 Rc3+ 55. Kg2 Rc5 56. Ra3 Rb5 57. Kg3 Rc5 58. Rf3 Rb5 59. Re3 Ra5 60. Kf4 Kf6 61. Rb3 Ra4+ 62. Kf3 Ra5 63. Kg3 Kg7 64. Rb4 Rc5 65. Ra4 Rb5 66. Kf4 Kf6 67. Rd4 Ra5 68. Rb4 Rc5 69. f3 Ra5 70. Kg3 Rc5 71. Rb1 Ra5 72. Rh1 Kg7 73. Rh2 Rb5 74. Ra2 Rc5 75. Ra3 Rb5 76. f4 Rc5 77. Rf3 Ra5 78. Re3 Kf6 79. Rb3 Rc5 80. Rb6+ Kg7 81. g5 Rc3+ 82. Kg4 Rc1 83. Rb3 Ra1 84. Rg3 f5+ 85. gxf6+ Kxf6 86. Rg2 Rb1 87. Ra2 Rg1+ 88. Kf3 Rf1+ 89. Rf2 Rh1 90. Kg3 Ra1 91. Rh2 Kf5 92. Rf2 1/2-1/2

[Event "Verbandsliga Suedbaden 1718"]
[Site "Baden"]
[Date "2018.01.28"]
[Round "5.1"]
[White "Eschbach, Dennis"]
[Black "Flick, Antoine"]
[Result "1/2-1/2"]
[WhiteElo "2420"]
[BlackElo "2353"]
[PlyCount "66"]
[EventDate "2017.10.08"]
[EventType "team-tourn"]
[EventRounds "9"]
[EventCountry "GER"]
[SourceTitle "EXT 2019"]
[Source "ChessBase"]
[SourceDate "2018.10.10"]
[SourceVersion "1"]
[SourceVersionDate "2018.10.10"]
[SourceQuality "1"]
[WhiteTeam "Waldshut"]
[BlackTeam "Heitersheim"]
[WhiteTeamCountry "GER"]
[BlackTeamCountry "GER"]

1. e4 c5 2. Be2 Nc6 3. f4 d5 4. d3 e6 5. Nf3 Nf6 6. e5 Nd7 7. c4 Nb6 8. Nc3 Be7 9. 0-0 0-0 10. Qe1 Nd4 11. Qf2 Bd7 12. b3 f6 13. Bb2 Be8 14. Nxd4 cxd4 15. exf6 Rxf6 16. Nb5 e5 17. f5 a6 18. Na3 Bd6 19. Nc2 Bd7 20. Bg4 Qf8 21. Rae1 Re8 22. Bc1 g6 23. Bg5 Rf7 24. Qh4 Bxf5 25. Bxf5 Rxf5 26. g4 Rf7 27. Rxf7 Qxf7 28. Rf1 Qc7 29. Bh6 dxc4 30. bxc4 Qe7 31. Bg5 Qc7 32. Bh6 Qe7 33. Bg5 Qc7 1/2-1/2

[Event "EU-ch U18 27th"]
[Site "Mamaia"]
[Date "2017.09.08"]
[Round "4"]
[White "Flick, Antoine"]
[Black "Askerov, Marat"]
[Result "0-1"]
[WhiteElo "2371"]
[BlackElo "2281"]
[PlyCount "208"]
[EventDate "2017.09.05"]
[EventType "swiss"]
[EventRounds "9"]
[EventCountry "ROU"]
[SourceTitle "EXT 2018"]
[Source "ChessBase"]
[SourceDate "2017.10.13"]
[SourceVersion "1"]
[SourceVersionDate "2017.10.13"]
[SourceQuality "1"]

1. d4 Nf6 2. Nf3 e6 3. c4 Bb4+ 4. Nbd2 0-0 5. a3 Be7 6. e4 d6 7. Be2 Nbd7 8. 0-0 e5 9. b4 exd4 10. Nxd4 a5 11. Bb2 c5 12. Nc2 axb4 13. axb4 Rxa1 14. Qxa1 cxb4 15. Nxb4 Re8 16. Nd3 Bf8 17. Bf3 Ne5 18. Nxe5 dxe5 19. Rd1 Qc7 20. Qa4 Bd7 21. Qb3 Bc6 22. Qe3 Rd8 23. Ra1 Qd6 24. Nf1 Qe6 25. Rc1 Ra8 26. Ng3 g6 27. h3 Ra5 28. Qd2 Ra2 29. Qc3 Bc5 30. Rd1 Nd7 31. Bg4 Qf6 32. Rd2 Bd4 33. Qb3 Rxb2 34. Rxb2 Nc5 35. Qc2 Bxb2 36. Qxb2 Nxe4 37. Nf1 Nd6 38. Ne3 h5 39. Be2 Qg5 40. Bf1 Qe7 41. Qd2 Kh7 42. Qa5 f5 43. Qd2 Ne4 44. Qe1 Qd6 45. Qe2 Kh6 46. Qf3 f4 47. Nd5 Nf6 48. Qc3 Nxd5 49. cxd5 Qxd5 50. Qb4 Qd8 51. Qc5 Qf6 52. Bc4 e4 53. Bf1 h4 54. Be2 f3 55. Bf1 Kh7 56. Kh2 Qf4+ 57. Kg1 e3 58. Qe7+ Kh6 59. fxe3 f2+ 60. Kh1 Bxg2+ 61. Bxg2 f1Q+ 62. Bxf1 Qxf1+ 63. Kh2 Qe2+ 64. Kh1 Qf3+ 65. Kh2 Qg3+ 66. Kh1 Qxh3+ 67. Kg1 Qg3+ 68. Kh1 Qf3+ 69. Kg1 h3 70. Qh4+ Qh5 71. Qd4 Qg5+ 72. Kf2 Qg2+ 73. Ke1 Qg3+ 74. Kf1 Qf3+ 75. Ke1 Qg3+ 76. Kf1 Qg2+ 77. Ke1 Qg1+ 78. Ke2 Kh5 79. Qh8+ Kg4 80. Qd4+ Kg3 81. Qf4+ Kg2 82. e4 Kh1 83. Kd3 Qd1+ 84. Kc4 h2 85. Qf2 Qc1+ 86. Kd5 Qc6+ 87. Ke5 Qe8+ 88. Kd5 Qd7+ 89. Ke5 Qe7+ 90. Kd5 Qg5+ 91. Kd6 Qg2 92. Qe1+ Qg1 93. Qe2 Qg3+ 94. e5 Kg1 95. Qd1+ Kg2 96. Qd2+ Kh3 97. Qh6+ Qh4 98. Qe3+ Kg4 99. Qe4+ Kh5 100. Qf3+ Qg4 101. Qxb7 Qd1+ 102. Kc5 Qc1+ 103. Kd6 h1Q 104. Qh7+ Kg5 0-1

[Event "EU-ch U18 27th"]
[Site "Mamaia"]
[Date "2017.09.07"]
[Round "3"]
[White "Patrascu, Catalin Lucian"]
[Black "Flick, Antoine"]
[Result "1/2-1/2"]
[WhiteElo "2227"]
[BlackElo "2371"]
[PlyCount "58"]
[EventDate "2017.09.05"]
[EventType "swiss"]
[EventRounds "9"]
[EventCountry "ROU"]
[SourceTitle "EXT 2018"]
[Source "ChessBase"]
[SourceDate "2017.10.13"]
[SourceVersion "1"]
[SourceVersionDate "2017.10.13"]
[SourceQuality "1"]

1. e4 c5 2. Nf3 Nc6 3. Bb5 Nf6 4. Bxc6 dxc6 5. d3 Bg4 6. h3 Bh5 7. b3 Nd7 8. Bb2 Qc7 9. Nbd2 e5 10. Qe2 Be7 11. Nc4 f6 12. Ne3 Nf8 13. Nf5 Ne6 14. g4 Bf7 15. 0-0-0 0-0-0 16. Kb1 Bf8 17. c3 g6 18. Ne3 Be7 19. Qc2 Rd7 20. h4 h5 21. gxh5 Rxh5 22. Rd2 Rh8 23. Rhd1 Rhd8 24. d4 cxd4 25. cxd4 exd4 26. Nxd4 Nxd4 27. Rxd4 Kb8 28. Rxd7 Rxd7 29. Ng4 Rxd1+ 1/2-1/2

[Event "EU-ch U18 27th"]
[Site "Mamaia"]
[Date "2017.09.06"]
[Round "2"]
[White "Flick, Antoine"]
[Black "Sevgi, Volkan"]
[Result "0-1"]
[WhiteElo "2371"]
[BlackElo "2240"]
[PlyCount "78"]
[EventDate "2017.09.05"]
[EventType "swiss"]
[EventRounds "9"]
[EventCountry "ROU"]
[SourceTitle "CBM 180 Extra"]
[Source "ChessBase"]
[SourceDate "2017.10.06"]
[SourceVersion "1"]
[SourceVersionDate "2017.10.06"]
[SourceQuality "1"]

1. Nf3 Nf6 2. d4 e6 3. c4 b6 4. g3 Ba6 5. Qa4 Be7 6. Bg2 Bb7 7. 0-0 0-0 8. Nc3 Ne4 9. Qc2 Nxc3 10. Qxc3 Be4 11. Rd1 d6 12. Qe3 d5 13. Bd2 Nd7 14. Rac1 c5 15. Bc3 Qe8 16. Qf4 Rc8 17. cxd5 exd5 18. Ne1 Bxg2 19. Nxg2 c4 20. Ne3 Nf6 21. Qg5 h6 22. Qf5 Qc6 23. b3 b5 24. bxc4 bxc4 25. Rb1 g6 26. Qf3 Ne4 27. Rdc1 f5 28. Ng2 g5 29. Qe3 Rce8 30. Rc2 f4 31. gxf4 gxf4 32. Qf3 Ng5 33. Qg4 Qg6 34. Rbb2 f3 35. h4 Rf4 36. Qg3 fxg2 37. hxg5 Qh5 38. f3 Qh1+ 39. Kf2 Rg4 0-1

[Event "EU-ch U18 27th"]
[Site "Mamaia"]
[Date "2017.09.05"]
[Round "1"]
[White "Uruci, Endrit"]
[Black "Flick, Antoine"]
[Result "0-1"]
[WhiteElo "2123"]
[BlackElo "2371"]
[PlyCount "80"]
[EventDate "2017.09.05"]
[EventType "swiss"]
[EventRounds "9"]
[EventCountry "ROU"]
[SourceTitle "CBM 180 Extra"]
[Source "ChessBase"]
[SourceDate "2017.10.06"]
[SourceVersion "1"]
[SourceVersionDate "2017.10.06"]
[SourceQuality "1"]

1. e4 c5 2. d4 cxd4 3. Nf3 Nc6 4. Nxd4 e5 5. Nb5 d6 6. c4 Be7 7. N1c3 a6 8. Na3 f5 9. exf5 Bxf5 10. Bd3 Be6 11. Nc2 Nf6 12. 0-0 0-0 13. Ne3 Nd4 14. f4 b5 15. b3 Rc8 16. Ned5 Kh8 17. Nxf6 Bxf6 18. Qh5 Bg8 19. Nd5 e4 20. Nxf6 Qxf6 21. Bxe4 Rce8 22. Bd3 Nxb3 23. Bxh7 Bxh7 24. Bb2 Qxb2 25. axb3 bxc4 26. bxc4 Qd4+ 27. Kh1 Qxc4 28. f5 Re5 29. Rfc1 Qe4 30. Qd1 d5 31. Rxa6 Rexf5 32. Qg1 Rf2 33. Raa1 Qg4 34. Ra8 Rxa8 35. Qxf2 Be4 36. Kg1 Qg5 37. Rd1 Rc8 38. h4 Qg4 39. Rd2 Kg8 40. Kh2 Bxg2 0-1

[Event "Pardubice Czech op-A 28th"]
[Site "Pardubice"]
[Date "2017.07.27"]
[Round "7"]
[White "Flick, Antoine"]
[Black "Eryshkanova, Anastasiya"]
[Result "1-0"]
[WhiteElo "2331"]
[BlackElo "2156"]
[PlyCount "129"]
[EventDate "2017.07.21"]
[EventType "swiss"]
[EventRounds "9"]
[EventCountry "CZE"]
[SourceTitle "CBM 179 Extra"]
[Source "ChessBase"]
[SourceDate "2017.08.23"]
[SourceVersion "1"]
[SourceVersionDate "2017.08.23"]
[SourceQuality "1"]

1. d4 d5 2. Nf3 Nf6 3. c4 c6 4. Qc2 e6 5. g3 Be7 6. Bg2 0-0 7. 0-0 b6 8. Nbd2 Bb7 9. e4 dxe4 10. Nxe4 Nbd7 11. Rd1 Nxe4 12. Qxe4 Nf6 13. Qe2 Qc7 14. Bf4 Bd6 15. Ne5 Nd7 16. c5 Bxe5 17. Bxe5 Nxe5 18. dxe5 bxc5 19. Rd6 Qb6 20. Rc1 Rab8 21. b3 Rbd8 22. Rcd1 a5 23. Be4 g6 24. Qe3 Rb8 25. h4 a4 26. h5 Bc8 27. Qg5 Qb4 28. Rd8 Ba6 29. h6 Rbxd8 30. Qxd8 Qe1+ 31. Rxe1 Rxd8 32. bxa4 Bc4 33. Bxc6 Bxa2 34. Rc1 Rc8 35. Bb5 Bd5 36. f4 Kf8 37. Kf2 Ke7 38. Ke3 Rc7 39. a5 Kd8 40. Kd3 Kc8 41. Rb1 Ra7 42. a6 Kc7 43. Kc3 Ra8 44. Bd3 Ra7 45. Ra1 Kb6 46. Bc4 Bc6 47. Rb1+ Kc7 48. Rd1 Ra8 49. Rd2 Rb8 50. Rd6 Rb1 51. Bd3 Ra1 52. g4 Ra3+ 53. Kd2 Bd7 54. Bc4 Bc6 55. f5 gxf5 56. gxf5 Bd5 57. Bxd5 exd5 58. Rf6 d4 59. Rxf7+ Kc6 60. a7 c4 61. e6 Ra2+ 62. Kc1 d3 63. e7 Kd7 64. e8Q+ Kxe8 65. Rxh7 1-0

[Event "Pardubice Czech op-A 28th"]
[Site "Pardubice"]
[Date "2017.07.24"]
[Round "4"]
[White "Lyell, Mark"]
[Black "Flick, Antoine"]
[Result "0-1"]
[WhiteElo "2204"]
[BlackElo "2331"]
[PlyCount "66"]
[EventDate "2017.07.21"]
[EventType "swiss"]
[EventRounds "9"]
[EventCountry "CZE"]
[SourceTitle "CBM 179 Extra"]
[Source "ChessBase"]
[SourceDate "2017.08.23"]
[SourceVersion "1"]
[SourceVersionDate "2017.08.23"]
[SourceQuality "1"]

1. e4 c5 2. Nc3 Nc6 3. f4 e6 4. Nf3 a6 5. g3 d6 6. Bg2 Nge7 7. b3 g6 8. Bb2 Bg7 9. 0-0 0-0 10. Qe1 Qc7 11. Nd1 Nd4 12. Nxd4 cxd4 13. c4 Rb8 14. d3 b5 15. Rc1 Qd7 16. g4 f5 17. gxf5 gxf5 18. cxb5 axb5 19. Qa5 Nc6 20. Qd2 Bb7 21. exf5 exf5 22. Nf2 Ne7 23. Nh3 Nd5 24. Bxd5+ Bxd5 25. Qf2 Qa7 26. Rc2 Rbc8 27. Rxc8 Rxc8 28. Rc1 Re8 29. Re1 Re3 30. Rc1 Rxh3 31. Rc8+ Bf8 32. Bxd4 Qf7 33. Kf1 Rf3 0-1

[Event "Pardubice Czech op-A 28th"]
[Site "Pardubice"]
[Date "2017.07.23"]
[Round "3"]
[White "Flick, Antoine"]
[Black "Tilicheev, Viacheslav"]
[Result "0-1"]
[WhiteElo "2331"]
[BlackElo "2497"]
[PlyCount "82"]
[EventDate "2017.07.21"]
[EventType "swiss"]
[EventRounds "9"]
[EventCountry "CZE"]
[SourceTitle "CBM 179 Extra"]
[Source "ChessBase"]
[SourceDate "2017.08.23"]
[SourceVersion "1"]
[SourceVersionDate "2017.08.23"]
[SourceQuality "1"]

1. d4 Nf6 2. Nf3 e6 3. c4 d5 4. g3 dxc4 5. Bg2 Bd7 6. Ne5 Bc6 7. Nxc6 Nxc6 8. 0-0 Qd7 9. e3 0-0-0 10. Qa4 Nd5 11. Qxc4 h5 12. Nc3 h4 13. Bd2 f5 14. Na4 hxg3 15. hxg3 g5 16. Rfc1 f4 17. e4 Nf6 18. gxf4 Nxd4 19. Be3 b5 20. Qf1 Qh7 21. Qd1 e5 22. fxg5 bxa4 23. Qxa4 Ng4 24. Qa6+ Kd7 25. Qa4+ Ke6 26. Qc4+ Ke7 27. Qxc7+ Rd7 28. Qc5+ Kf7 29. Qc4+ Ne6 30. Rd1 Qh2+ 31. Kf1 Nxe3+ 32. fxe3 Rc7 33. Qb3 Kg7 34. Qxe6 Rf7+ 35. Qf5 Rxf5+ 36. exf5 Rh5 37. Rd7+ Kh8 38. Rad1 Rxg5 39. R1d2 Rxf5+ 40. Rf2 Rxf2+ 41. Kxf2 Qh4+ 0-1

[Event "Montcada op-A 25th"]
[Site "Montcada"]
[Date "2017.07.01"]
[Round "7"]
[White "Flick, Antoine"]
[Black "Anuj, Shrivatri"]
[Result "1-0"]
[WhiteElo "2332"]
[BlackElo "1920"]
[PlyCount "89"]
[EventDate "2017.06.26"]
[EventType "swiss"]
[EventRounds "9"]
[EventCountry "ESP"]
[SourceTitle "CBM 179 Extra"]
[Source "ChessBase"]
[SourceDate "2017.08.23"]
[SourceVersion "1"]
[SourceVersionDate "2017.08.23"]
[SourceQuality "1"]

1. d4 g6 2. Nf3 Bg7 3. c4 d6 4. Nc3 e5 5. g3 Nd7 6. Bg2 Ngf6 7. 0-0 0-0 8. Qc2 c6 9. Rd1 Re8 10. e4 exd4 11. Nxd4 Qb6 12. Na4 Qc7 13. h3 Nc5 14. Nc3 a5 15. Bf4 Nfd7 16. Be3 b6 17. b3 Bb7 18. Rab1 Nf6 19. Re1 Qe7 20. Bd2 Nfd7 21. Nde2 Rac8 22. Rbd1 b5 23. cxb5 cxb5 24. Nd5 Qd8 25. Qb1 b4 26. Bf4 Ne5 27. Be3 Ba6 28. Nc1 g5 29. Bd4 h5 30. f4 gxf4 31. gxf4 Ned7 32. Qb2 Bxd4+ 33. Qxd4 Ne6 34. Qf2 Nec5 35. Kh2 Kh7 36. e5 Re6 37. Bf3 Kh6 38. Qd2 Kh7 39. Qf2 Kh6 40. exd6 Nf6 41. Nc7 Rxc7 42. dxc7 Qxc7 43. Qh4 Nfe4 44. Rg1 a4 45. Rg2 1-0

[Event "Montcada op-A 25th"]
[Site "Montcada"]
[Date "2017.06.28"]
[Round "3"]
[White "Flick, Antoine"]
[Black "Oliva Castaneda, Kevel"]
[Result "1/2-1/2"]
[WhiteElo "2332"]
[BlackElo "2498"]
[PlyCount "39"]
[EventDate "2017.06.26"]
[EventType "swiss"]
[EventRounds "9"]
[EventCountry "ESP"]
[SourceTitle "CBM 179 Extra"]
[Source "ChessBase"]
[SourceDate "2017.08.23"]
[SourceVersion "1"]
[SourceVersionDate "2017.08.23"]
[SourceQuality "1"]

1. d4 Nf6 2. Nf3 g6 3. Bf4 Bg7 4. e3 0-0 5. Be2 d6 6. h3 b6 7. 0-0 Bb7 8. c3 c5 9. Nbd2 Nbd7 10. a4 a6 11. Bh2 Rc8 12. Qb3 Qc7 13. Rfe1 cxd4 14. exd4 Bh6 15. Bd3 Qd8 16. Rad1 Rc7 17. Bf1 Rc8 18. Bd3 Re8 19. Bc4 Rf8 20. Bd3 1/2-1/2

[Event "Montcada op-A 25th"]
[Site "Montcada"]
[Date "2017.06.27"]
[Round "2"]
[White "Santos Latasa, Jaime"]
[Black "Flick, Antoine"]
[Result "0-1"]
[WhiteElo "2567"]
[BlackElo "2332"]
[PlyCount "66"]
[EventDate "2017.06.26"]
[EventType "swiss"]
[EventRounds "9"]
[EventCountry "ESP"]
[SourceTitle "CBM 179 Extra"]
[Source "ChessBase"]
[SourceDate "2017.08.23"]
[SourceVersion "1"]
[SourceVersionDate "2017.08.23"]
[SourceQuality "1"]

1. e4 c5 2. Nf3 Nc6 3. Bb5 Nf6 4. Qe2 g6 5. 0-0 Bg7 6. c3 Qb6 7. Ba4 0-0 8. Rd1 d6 9. h3 e5 10. d3 Be6 11. Nbd2 h6 12. a3 Rfe8 13. b4 Qa6 14. Bxc6 Qxc6 15. a4 Nh5 16. b5 Qd7 17. Nf1 Nf4 18. Qc2 Rac8 19. c4 Rf8 20. Ne1 f5 21. Ra3 g5 22. f3 h5 23. Ng3 g4 24. exf5 Bxf5 25. Nxf5 Qxf5 26. hxg4 hxg4 27. fxg4 Qxg4 28. Nf3 Nh5 29. Qf2 Ng3 30. Re1 Rf5 31. Qe3 Rh5 32. Kf2 Rf8 33. Bb2 Bh6 0-1

[Event "FRA-ch U18"]
[Site "Belfort"]
[Date "2017.04.23"]
[Round "9.1"]
[White "Flick, Antoine"]
[Black "Philippe, Guillaume"]
[Result "1/2-1/2"]
[WhiteElo "2327"]
[BlackElo "2307"]
[PlyCount "130"]
[EventDate "2017.04.16"]
[EventType "swiss"]
[EventRounds "9"]
[EventCountry "FRA"]
[SourceTitle "EXT 2019"]
[Source "ChessBase"]
[SourceDate "2018.10.10"]
[SourceVersion "1"]
[SourceVersionDate "2018.10.10"]
[SourceQuality "1"]

1. d4 Nf6 2. Nf3 e6 3. c4 b6 4. g3 Ba6 5. Qa4 Bb7 6. Bg2 c5 7. dxc5 bxc5 8. 0-0 Be7 9. Nc3 0-0 10. Rd1 d6 11. Bf4 Qb6 12. Rab1 Rd8 13. a3 Bc6 14. Qc2 Qa6 15. b4 cxb4 16. axb4 Qxc4 17. Rd4 Qa6 18. b5 Qc8 19. bxc6 Nxc6 20. Rdd1 d5 21. Rdc1 Ba3 22. Rd1 Be7 23. Qa4 Nd7 24. Nb5 Nc5 25. Qc2 Qd7 26. Ne5 Nxe5 27. Bxe5 Rac8 28. Ba1 a6 29. Nd4 Bf6 30. Qd2 Qa4 31. Bb2 e5 32. Nf3 d4 33. Bh3 Rb8 34. Qc1 Rb5 35. e3 Rdb8 36. exd4 exd4 37. Qf4 h6 38. Ra1 Qc2 39. Bxd4 Nb3 40. Bxf6 Nxa1 41. Rxa1 gxf6 42. Qxf6 Rb1+ 43. Rxb1 Rxb1+ 44. Bf1 Qd3 45. Nd2 Qxd2 46. Qxa6 Rb2 47. Qf6 Rb1 48. Qa6 Rb2 49. Qc8+ Kg7 50. Qg4+ Qg5 51. Qd4+ Qf6 52. Qe3 Rb1 53. Qe2 Rb2 54. Qe3 Rb1 55. Qe4 Rb2 56. Qg4+ Qg5 57. Qc4 Qf6 58. Qc5 Qg5 59. Qa7 Qe5 60. h4 Rb1 61. Qa6 Re1 62. Qd3 Qe4 63. Qc3+ Qe5 64. Qc4 Qe4 65. Qc3+ Qe5 1/2-1/2

[Event "Barcelona Sants op-A18th"]
[Site "Barcelona"]
[Date "2016.08.20"]
[Round "2"]
[White "Kunin, Vitaly L"]
[Black "Flick, Antoine"]
[Result "1-0"]
[WhiteElo "2592"]
[BlackElo "2282"]
[PlyCount "67"]
[EventDate "2016.08.19"]
[EventType "swiss"]
[EventRounds "10"]
[EventCountry "ESP"]
[SourceTitle "CBM 174 Extra"]
[Source "ChessBase"]
[SourceDate "2016.10.10"]
[SourceVersion "1"]
[SourceVersionDate "2016.10.10"]
[SourceQuality "1"]

1. d4 d5 2. c4 c6 3. e3 Nf6 4. Bd3 e5 5. Nc3 e4 6. Bc2 Bd6 7. f3 0-0 8. fxe4 Nxe4 9. Bxe4 dxe4 10. Nxe4 Qh4+ 11. Nf2 Qg5 12. Nf3 Bb4+ 13. Kf1 Qg6 14. Qd3 Qh5 15. b3 Rd8 16. Bb2 b5 17. cxb5 a5 18. h3 Bb7 19. g4 Qh6 20. Kg2 Nd7 21. e4 cxb5 22. Qxb5 Rab8 23. Qf5 g6 24. Qg5 Qxg5 25. Nxg5 Re8 26. d5 Nc5 27. Rad1 h6 28. h4 f5 29. a3 hxg5 30. hxg5 fxe4 31. Rh8+ Kf7 32. Rh7+ Kf8 33. Rf1 Ba6 34. Nd3+ 1-0

[Event "Helsingor Xtracon op"]
[Site "Helsingor"]
[Date "2016.07.27"]
[Round "6"]
[White "Flick, Antoine"]
[Black "Roder, Peter Ulrik"]
[Result "1/2-1/2"]
[WhiteElo "2318"]
[BlackElo "2056"]
[PlyCount "82"]
[EventDate "2016.07.23"]
[EventType "swiss"]
[EventRounds "10"]
[EventCountry "DEN"]
[SourceTitle "CBM 173 Extra"]
[Source "ChessBase"]
[SourceDate "2016.08.29"]
[SourceVersion "1"]
[SourceVersionDate "2016.08.29"]
[SourceQuality "1"]

1. d4 Nf6 2. Nf3 c5 3. d5 b5 4. Bg5 Ne4 5. Bf4 d6 6. e3 a6 7. Nbd2 Nf6 8. e4 g6 9. a4 b4 10. Bd3 Bg7 11. Nc4 0-0 12. 0-0 a5 13. Qe2 Ba6 14. Nfd2 Nbd7 15. Rad1 Bxc4 16. Nxc4 Nh5 17. Bc1 Ne5 18. Nxe5 Bxe5 19. f4 Bd4+ 20. Kh1 Bg7 21. e5 Bh8 22. Bb5 Ng7 23. c3 Ne8 24. Rf3 Qc7 25. Re1 Ra7 26. Rh3 Ng7 27. Qf2 f5 28. Qh4 Nh5 29. Be2 Rf7 30. Bxh5 gxh5 31. Rg3+ Rg7 32. Rxg7+ Bxg7 33. Qxh5 Qd7 34. e6 Qxa4 35. Qf7+ Kh8 36. b3 Qb5 37. c4 Qb8 38. Qxf5 a4 39. Qb1 a3 40. Re2 Qa8 41. Ra2 Qf8 1/2-1/2

[Event "Francophone-ch rapid 3rd"]
[Site "Geneve"]
[Date "2016.07.03"]
[Round "10"]
[White "Huss, Andreas"]
[Black "Flick, Antoine"]
[Result "1-0"]
[WhiteElo "2345"]
[BlackElo "2318"]
[PlyCount "125"]
[EventDate "2016.07.02"]
[EventType "swiss (rapid)"]
[EventRounds "15"]
[EventCountry "SUI"]
[SourceTitle "CBM 173 Extra"]
[Source "ChessBase"]
[SourceDate "2016.08.29"]
[SourceVersion "1"]
[SourceVersionDate "2016.08.29"]
[SourceQuality "1"]

1. d4 Nf6 2. Nf3 g6 3. c4 Bg7 4. Nc3 d5 5. e3 0-0 6. cxd5 Nxd5 7. Bc4 Nxc3 8. bxc3 c5 9. 0-0 Qc7 10. Qe2 Nc6 11. Ba3 b6 12. Rac1 Na5 13. Bd3 Bb7 14. e4 Rfd8 15. Rfd1 Rac8 16. d5 c4 17. Bb1 Ba8 18. h4 b5 19. Nd4 a6 20. h5 Re8 21. hxg6 hxg6 22. Qg4 Rcd8 23. Nf3 Nb7 24. Ng5 Nc5 25. Qh4 a5 26. Qh7+ Kf8 27. Bxc5 Qxc5 28. Qxg6 fxg6 29. Ne6+ Kf7 30. Nxc5 Bh6 31. Rc2 Rh8 32. Ne6 Rd6 33. Rb2 Rb8 34. Bc2 b4 35. Rdb1 Rdb6 36. a3 b3 37. Bd1 Rxe6 38. dxe6+ Kxe6 39. Be2 Rc8 40. Rd1 Bg7 41. Rc1 Bxe4 42. Bg4+ Bf5 43. Re2+ Kf7 44. Bxf5 gxf5 45. f4 Rd8 46. Kf2 Rd3 47. Re3 b2 48. Rb1 Rxc3 49. Rxc3 Bxc3 50. Ke2 Ke6 51. Kd1 Kd5 52. Kc2 Bf6 53. Re1 Kc5 54. Re6 Kb5 55. g3 Ka4 56. Rc6 c3 57. Rc5 Kxa3 58. Rxa5+ Kb4 59. Rxf5 Kc4 60. g4 Kd4 61. g5 Bh8 62. Rf8 Bg7 63. Rf7 1-0

[Event "Francophone-ch rapid 3rd"]
[Site "Geneve"]
[Date "2016.07.03"]
[Round "9"]
[White "Vernay, Clovis"]
[Black "Flick, Antoine"]
[Result "1-0"]
[WhiteElo "2507"]
[BlackElo "2318"]
[PlyCount "91"]
[EventDate "2016.07.02"]
[EventType "swiss (rapid)"]
[EventRounds "15"]
[EventCountry "SUI"]
[SourceTitle "CBM 173 Extra"]
[Source "ChessBase"]
[SourceDate "2016.08.29"]
[SourceVersion "1"]
[SourceVersionDate "2016.08.29"]
[SourceQuality "1"]

1. d4 Nf6 2. c4 g6 3. f3 e6 4. Nc3 Bg7 5. e4 d5 6. e5 Nh5 7. Be3 c5 8. cxd5 exd5 9. g4 cxd4 10. Qxd4 0-0 11. Qxd5 Qh4+ 12. Bf2 Qg5 13. h4 Qe7 14. Bc5 Qe8 15. gxh5 Bxe5 16. Kf2 Nc6 17. Bb5 Bf5 18. Rd1 a6 19. Bxc6 bxc6 20. Qd2 Rd8 21. Qxd8 Qxd8 22. Rxd8 Rxd8 23. Nge2 Rd2 24. Ke3 Rxb2 25. Rd1 f6 26. hxg6 hxg6 27. Rd8+ Kf7 28. f4 Bc7 29. Rf8+ Kg7 30. Ra8 Ba5 31. Rxa6 Bxc3 32. Nxc3 Rc2 33. Bb4 c5 34. Ba5 Rh2 35. Ra7+ Kh6 36. Rc7 Rh3+ 37. Kf2 Kh5 38. Rxc5 Kg4 39. Bd8 Rf3+ 40. Ke2 Rxf4 41. Bxf6 Rb4 42. Bg5 Rb2+ 43. Ke3 Be6 44. a4 Rb8 45. a5 Bf5 46. Kd4 1-0